हीरामृग / (Record no. 116454)

MARC details
000 -LEADER
fixed length control field 01107nam a22002657a 4500
005 - DATE AND TIME OF LATEST TRANSACTION
control field 20170124103039.0
010 ## - LIBRARY OF CONGRESS CONTROL NUMBER
LC control number A-829677
020 ## - INTERNATIONAL STANDARD BOOK NUMBER
Terms of availability 90.00
035 ## - SYSTEM CONTROL NUMBER
System control number A-829677
037 ## - SOURCE OF ACQUISITION
Source of stock number/acquisition Cen Lib/Ret
040 ## - CATALOGING SOURCE
Original cataloging agency DPL
Language of cataloging HN
082 ## - DEWEY DECIMAL CLASSIFICATION NUMBER
Classification number
Item number सरना
100 ## - MAIN ENTRY--PERSONAL NAME
Personal name सरना, महिंदर सिंह
9 (RLIN) 3639
245 ## - TITLE STATEMENT
Title हीरामृग /
Statement of responsibility, etc महिंदर सिंह सरना; अनुवादक सुरजीत
246 ## - VARYING FORM OF TITLE
Title proper/short title Hiramriga /
Remainder of title by Mahinder Singh Sarna ; anuvadak Surjit
260 ## - PUBLICATION, DISTRIBUTION, ETC. (IMPRINT)
Place of publication, distribution, etc नयी दिल्ली
Name of publisher, distributor, etc भारतीय ज्ञानपीठ
Date of publication, distribution, etc 1996
270 ## - ADDRESS
Address 18, इंस्टीट्युशनल एरिया, लोधी रोड
City नयी दिल्ली
Postal code 110003
300 ## - PHYSICAL DESCRIPTION
Extent x,166पृ.
Dimensions 21सेमी (सजिल्द)
Other physical details
650 ## - SUBJECT ADDED ENTRY--TOPICAL TERM
Topical term or geographic name as entry element पंजाबी साहित्य
9 (RLIN) 66617
650 ## - SUBJECT ADDED ENTRY--TOPICAL TERM
Topical term or geographic name as entry element कहानी संग्रह
9 (RLIN) 66618
650 ## - SUBJECT ADDED ENTRY--TOPICAL TERM
Topical term or geographic name as entry element Punjabi literature
9 (RLIN) 781
650 ## - SUBJECT ADDED ENTRY--TOPICAL TERM
Topical term or geographic name as entry element Stories
9 (RLIN) 7500
700 ## - ADDED ENTRY--PERSONAL NAME
Personal name सुरजीत
9 (RLIN) 500
942 ## - ADDED ENTRY ELEMENTS (KOHA)
Source of classification or shelving scheme Dewey Decimal Classification
Koha item type Hindi Books
Classification part
Call number suffix सरना
Holdings
Withdrawn status Lost status Damaged status Not for loan Home library Current library Date acquired Source of acquisition Cost, normal purchase price Total Checkouts Full call number Barcode Date last seen Copy number Cost, replacement price Price effective from Koha item type
        Central Library Central Library 24/08/2015 Cen Lib/Ret 90.00   क सरना A-829677 24/08/2015 1 90.00 24/08/2015 Hindi Books

© Delhi Public Library
Hit Counter
free hit counter